| 000 | 00953nam a2200289Ia 4500 | ||
|---|---|---|---|
| 003 | OSt | ||
| 005 | 20221005042548.0 | ||
| 006 | a|||||r|||| 00| 0 | ||
| 007 | ta | ||
| 008 | 221004b |||||||| |||| 00| 0 eng d | ||
| 020 |
_a9781349950126 (hbk) _cEURO 114.99 |
||
| 024 | _a34772 | ||
| 037 |
_b006, 23/08/2017, Classic Book Service _cTextual |
||
| 040 |
_aCRL _cCRL _beng |
||
| 041 |
_2eng _aeng |
||
| 082 | _aV65, Q7 | ||
| 100 |
_aHojbjerg Christian K. _9590574 |
||
| 245 | 0 | _aPolitics and policies in upper guinea coast societies | |
| 260 |
_aDenmark _bPalgrave _c2017 |
||
| 300 |
_a342p. _ccm. |
||
| 650 |
_a WEST AFRICA - HISTORY _931563 |
||
| 650 |
_aGUINEA - HISTORY _9590575 |
||
| 700 |
_a Knorr Jacqueline _9275765 |
||
| 700 |
_a Murphy William P. _9590576 |
||
| 942 |
_hV65, Q7 _cTEXL _2cc |
||
| 999 |
_c950418 _d950418 |
||